| 000 | 00950nam a2200265 a 4500 | ||
|---|---|---|---|
| 003 | DO-SdBNP | ||
| 005 | 20220322132901.0 | ||
| 007 | ta | ||
| 008 | 210716e2018 dr oc|er|||| 001 hdspa d | ||
| 020 | _a9789945481945 | ||
| 040 |
_aDO-SdBNP _bspa _cBNPHU |
||
| 041 | _hspa | ||
| 082 | 4 |
_bS718a _222 |
|
| 100 | 1 |
_955167 _aSoto Tejeda, Marcos, _d1939- |
|
| 245 | 1 | 0 |
_aAnecdotario ocoeño y apuntes genealógicos de familias ocoeñas / _cMarcos Soto Tejeda; Ilustraciones, Stephanie Morel; Prólogo, Alexis Read Ortiz. |
| 260 |
_aSanto Domingo: _bCentenario, _c22018 |
||
| 300 |
_a405 p. : _bil., fotogr., retr. ; _c21 cm |
||
| 590 | _aInventariado 2021 / MF | ||
| 650 | 4 |
_928799 _aAnécdotas dominicanas |
|
| 650 | 4 |
_976626 _aAnécdotas, chistes, sátiras, etc. _v _zSan José de Ocoa (República Dominicana) |
|
| 700 | 1 |
_aMorel, Stephanie _eil. _979257 |
|
| 700 | 1 |
_aOrtíz Read, Manuel Alexis _965695 _epról. |
|
| 910 | _aMFeliz | ||
| 942 |
_2ddc _cLBS1 |
||
| 999 |
_c50124 _d50124 |
||